Geometry Dash - Extreme Demons Starting with E (Pre-2.2) - Statistics

General Stats
  • This quiz has been taken 130 times
    25 since last reset
  • The average score is 16 of 48
Answer Stats
Publisher Answer % Correct
Platnuu ErebuS
90%
BoldStep Erebus
90%
CDMusic Edge of Destiny
70%
SyQual Esfera
60%
ivyteal ETERNAL
60%
zeroya Ethereal Artifice
60%
MrSpaghetti EX
60%
KrmaL Elite Z Rebirth
50%
Zafkiel7 Esencia
50%
iRainstorm Eternal Moment
50%
Doggie Exosphere
50%
Filqh ECSTASY
40%
SleyGD Ecstasy
40%
eiruni Edge of the Blade
40%
exactteam EGO KILLING
40%
PureDinoMight EKO
40%
Zafkiel7 ElectroLux
40%
Danzmen EnvY
40%
Ellisha Exotic Energy
40%
Chom Extinction
40%
nothawkyre Eyes in the Water
40%
L4TeZk Edge of the World
30%
MrSupremeGD Effect II
30%
Kivvvi Empyrean
30%
DreamTide Endless Dream
30%
Team Proxima Epsilon
30%
ProGGCyrus eternal entropy
30%
Yoonsr Evangelion
30%
waturn EXPLICIT
30%
hexitine Edelweiss
20%
motheye Electric Forest
20%
SeptaGon7 Eleos
20%
Swib ELLIPSISM
20%
Looou Empanadas Fugaces
20%
BGames Empress Blades
20%
Arsid EMPTINESS
20%
nyseoul Enlightened memories
20%
SleyGD Escape Room
20%
LengthyRat Evil Depths
20%
spcreat Excruciation Chamber
20%
EternaswipVMAX Explosion
20%
NateFH EdenCity
10%
Mulpan Elliptic Curve
10%
Blaster1337 EnCrypted
10%
Bizaare Endurance
10%
St1ngGD Entropy
10%
8BitFudge Ethereal Entity
10%
luhlamar EVENT HORIZON
10%
No matching quizzes found
Score Distribution
Percent of People with Each Score
Percentile by Number Answered
Your Score History
You have not taken this quiz since the last reset